India On My Platter (Record no. 95365)

MARC details
000 -LEADER
fixed length control field 00512nam a2200205Ia 4500
008 - FIXED-LENGTH DATA ELEMENTS--GENERAL INFORMATION
fixed length control field 230125s9999 xx 000 0 und d
020 ## - INTERNATIONAL STANDARD BOOK NUMBER
International Standard Book Number 9789383202041
041 ## - LANGUAGE CODE
Language code of text/sound track or separate title eng
082 ## - DEWEY DECIMAL CLASSIFICATION NUMBER
Classification number 823
Item number GOI
100 ## - MAIN ENTRY--PERSONAL NAME
Personal name Goila S
9 (RLIN) 117529
245 ## - TITLE STATEMENT
Title India On My Platter
260 ## - PUBLICATION, DISTRIBUTION, ETC. (IMPRINT)
Date of publication, distribution, etc. 2015
Name of publisher, distributor, etc. Om Books International
Place of publication, distribution, etc. Noida,Up
300 ## - PHYSICAL DESCRIPTION
Extent 318p
440 ## - SERIES STATEMENT/ADDED ENTRY--TITLE
Volume/sequential designation 1
500 ## - GENERAL NOTE
Keywords English Literature;Literature;
650 ## - SUBJECT ADDED ENTRY--TOPICAL TERM
Topical term or geographic name as entry element English Literature
700 ## - ADDED ENTRY--PERSONAL NAME
Personal name Goila S
9 (RLIN) 117529
906 ## - LOCAL DATA ELEMENT F, LDF (RLIN)
b 29
Holdings
Withdrawn status Lost status Damaged status Not for loan Home library Current library Date acquired Vendor Cost, normal purchase price Bill number Total Checkouts Full call number Barcode Date last seen Cost, replacement price Bill Date Koha item type Original Barcode
        Smt. Hiraben Nanavati Institute of Management & Research for Women Smt. Hiraben Nanavati Institute of Management & Research for Women 07/03/2018 Pritam Book Centre 295.00 10542   823 GOI B15946 HIMR-BK-15946 25/01/2023 266.00 26/02/2018 Books B15946